الغازلات الثلاث : جزاء الاحسان = (Record no. 168960)

MARC details
000 -LEADER
fixed length control field 01181nam a22003257a 4500
003 - CONTROL NUMBER IDENTIFIER
control field OSt
005 - DATE AND TIME OF LATEST TRANSACTION
control field 20190203144122.0
007 - PHYSICAL DESCRIPTION FIXED FIELD--GENERAL INFORMATION
fixed length control field ta
008 - FIXED-LENGTH DATA ELEMENTS--GENERAL INFORMATION
fixed length control field 180724b my a|||b |||| 00| 1 ara d
020 ## - INTERNATIONAL STANDARD BOOK NUMBER
International Standard Book Number 9786144080887
Terms of availability RM25.00
Qualifying information hardback
040 ## - CATALOGING SOURCE
Original cataloging agency PPAK
Language of cataloging eng
Transcribing agency PPAK
Description conventions rda
041 1# - LANGUAGE CODE
Language code of text/sound track or separate title Arabic
Language code of text/sound track or separate title English
082 ## - DEWEY DECIMAL CLASSIFICATION NUMBER
Classification number 892.7321
Edition number 23
090 ## - LOCALLY ASSIGNED LC-TYPE CALL NUMBER (OCLC); LOCAL CALL NUMBER (RLIN)
Classification number (OCLC) (R) ; Classification number, CALL (RLIN) (NR) 892.7321
Feature heading THR
Feature heading RK
240 10 - UNIFORM TITLE
Uniform title Three spinners. Arabic & English.
245 10 - TITLE STATEMENT
Title الغازلات الثلاث : جزاء الاحسان =
Remainder of title The Three Spinners /
246 33 - VARYING FORM OF TITLE
Title proper/short title al-Ghāzalāt al-thlāth : Jazāʼ al-iḥsān =
Remainder of title The Three Spinners
264 #1 - PRODUCTION, PUBLICATION, DISTRIBUTION, MANUFACTURE, AND COPYRIGHT NOTICE
Place of production, publication, distribution, manufacture Beirut, Lebanon :
Name of producer, publisher, distributor, manufacturer DIGITAL FUTURE ;
Date of production, publication, distribution, manufacture, or copyright notice [201?]
300 ## - PHYSICAL DESCRIPTION
Extent 22 pages :
Other physical details colour illustrations ;
Dimensions 19 cm +
Accompanying material 1 audio disc : digital ; 4 3/4 in.
336 ## - CONTENT TYPE
Source rdacontent
Content type term text
337 ## - MEDIA TYPE
Source rdamedia
Media type term unmediated
338 ## - CARRIER TYPE
Source rdacarrier
Carrier type term volume
500 ## - GENERAL NOTE
General note Book is accompanied by one Audio CD (The Three Spinners) and available at Multimedia Unit.
546 ## - LANGUAGE NOTE
Language note Parallel text in Arabic and English.
650 10 - SUBJECT ADDED ENTRY--TOPICAL TERM
Topical term or geographic name entry element Stepdaughters
General subdivision Juvenile fiction
Topical term or geographic name entry element Fables
General subdivision Juvenile fiction
Topical term or geographic name entry element Children's stories
Form subdivision English
942 ## - ADDED ENTRY ELEMENTS (KOHA)
Source of classification or shelving scheme Dewey Decimal Classification
Koha item type Book
Holdings
Withdrawn Not for loan Current library Shelving location Date acquired Full call number Barcode Date last seen Koha item type
  Not For Loan e-Pustaka 2 - Alor Setar Bilik Multimedia 06/12/2018 RK 892.7321 THR A01586269 06/12/2018 Book